00487nam a22001097a 4500008004100000040005500041080002500096245017700121260004900298300001400347650001600361230516b |||||||| |||| 00| 0 eng d aNational Science LibrarycNational Science Library a574/579:6(082.2)bM5 aNewer approaches to biological applicationsc/ Proceedings of the dae symposium on newer approaches to biological applications M.S. University of Baroda 19-21 October, 1984 aIndia: bDepartment of Atomic Energy, c1985 aiv, 329p. aProceedings